Municipal and rural sanitation (Record no. 12109)

000 -LEADER
fixed length control field 00625nam a22002171 4500
001 - CONTROL NUMBER
control field 12109
003 - CONTROL NUMBER IDENTIFIER
control field BD-DhUET
008 - FIXED-LENGTH DATA ELEMENTS--GENERAL INFORMATION
fixed length control field 720914s1965 nyua b 000 0 eng
040 ## - CATALOGING SOURCE
Original cataloging agency DLC
Transcribing agency DLC
Modifying agency BD-DhUET
082 ## - DEWEY DECIMAL CLASSIFICATION NUMBER
Classification number 628
Item number EHL/1965
100 ## - MAIN ENTRY--PERSONAL NAME
Personal name Ehlers, Victor M.
245 10 - TITLE STATEMENT
Title Municipal and rural sanitation
250 ## - EDITION STATEMENT
Edition statement 6th ed.
260 ## - PUBLICATION, DISTRIBUTION, ETC. (IMPRINT)
Place of publication, distribution, etc. New Delhi
Name of publisher, distributor, etc. Tata McGraw-Hill
Date of publication, distribution, etc. 1965
300 ## - PHYSICAL DESCRIPTION
Extent xiv, 663 p.
Other physical details ill.
Dimensions 24 cm.
490 0# - SERIES STATEMENT
Series statement McGraw-Hill series in sanitary science and water resources engineering
504 ## - BIBLIOGRAPHY, ETC. NOTE
Bibliography, etc Includes bibliographies
650 #0 - SUBJECT ADDED ENTRY--TOPICAL TERM
Topical term or geographic name as entry element Sanitary engineering
700 ## - ADDED ENTRY--PERSONAL NAME
Personal name Steel, Ernest W.
942 ## - ADDED ENTRY ELEMENTS (KOHA)
Koha item type General Book
Holdings
Damaged status Shelving location Koha date last seen Withdrawn status Lost status Price effective from Koha item type Date acquired Source of classification or shelving scheme Piece designation (barcode) Location (home branch) Sublocation or collection (holding branch) Not for loan Koha full call number Koha normalized classification for sorting Copy number
 Circulation section2015-02-23  2015-02-23General Book2015-02-23 54823Central Library, BUETCentral Library, BUET 628/EHL/1965628_000000000000000_EHL_19651
 Circulation section2015-05-06  2015-05-06General Book2015-05-06 57340Central Library, BUETCentral Library, BUET 628/EHL/1965628_000000000000000_EHL_19652
 Circulation section2015-05-06  2015-05-06General Book2015-05-06 57341Central Library, BUETCentral Library, BUET 628/EHL/1965628_000000000000000_EHL_19653
 Circulation section2015-05-07  2015-05-07General Book2015-05-07 42726Central Library, BUETCentral Library, BUET 628/EHL/1958628_000000000000000_EHL_19584
 Circulation section2015-05-07  2015-05-07General Book2015-05-07 19515Central Library, BUETCentral Library, BUET 628/EHL/1965628_000000000000000_EHL_19655
 Circulation section2015-05-07  2015-05-07General Book2015-05-07 20785Central Library, BUETCentral Library, BUET 628/EHL/1965628_000000000000000_EHL_19656
 Circulation section2015-05-07  2015-05-07General Book2015-05-07 19514Central Library, BUETCentral Library, BUET 628/EHL/1965628_000000000000000_EHL_19657
 Circulation section2015-05-07  2015-05-07General Book2015-05-07 25851Central Library, BUETCentral Library, BUET 628/EHL/1965628_000000000000000_EHL_19658
 Circulation section2015-05-07  2015-05-07General Book2015-05-07 20784Central Library, BUETCentral Library, BUET 628/EHL/1965628_000000000000000_EHL_19659